| 000 | 00688nam a2200241Ia 4500 | ||
|---|---|---|---|
| 003 | BUBTL | ||
| 008 | 151213s9999 xx 000 0 und d | ||
| 020 | _a9788131504550 | ||
| 082 | _a822.33/ Sh152t/ 1999 | ||
| 100 |
_aShakespeare _91990 |
||
| 245 |
_aThe Tempest/ _cShakespeare |
||
| 250 | _a1st Edn. | ||
| 260 |
_bCengage Learning, _cc1999 _aIndia : |
||
| 300 |
_axx,366 p.: _c18 cm. |
||
| 440 |
_91991 _aThe Arden Shakespeare |
||
| 650 |
_aEnglish Literature _91994 |
||
| 650 |
_aEnglish Literature _91994 |
||
| 700 |
_94634 _aVaughan, Virginia Mason |
||
| 700 |
_94635 _aVaughan, Alden T. |
||
| 856 |
_k0 _l0 _yDownload |
||
| 942 |
_2ddc _cBK |
||
| 999 |
_c4871 _d4871 |
||